| 000 | 00422nam a2200181Ia 4500 | ||
|---|---|---|---|
| 001 | 10663 | ||
| 005 | 20260306161848.0 | ||
| 008 | 260306t1986||||xx |||||||||||||| ||spa|| | ||
| 041 | _aESP | ||
| 082 |
_a946.043 _bH96 |
||
| 100 |
_aHurtado de Mendoza, Diego _eAUT |
||
| 245 | 0 | _aGuerra de Granada | |
| 260 | _c1986 | ||
| 300 |
_a152 páginas : _c20 cm. |
||
| 650 | _aGEN | ||
| 654 | _aCHU | ||
| 942 |
_cLIB _dJUS _fJUS _2ddc _n |
||
| 999 |
_c10663 _d10663 |
||